000 00484nam a22002057a 4500
001 21576
005 20260318120212.0
008 260318b |||||||| |||| 00| 0 spa d
041 _aESP
082 _a537
_bS42
100 _aSerrano Domínguez, Victor Gerardo
245 _aElectricidad y magnetismo
260 _a :
_b ,
_c2001
300 _axvii, 544 páginas :
_b ;
_c00 cm.
440 _a ;
650 _aTCA
654 _aCET
700 _a;
942 _cLIB
_dJUS
_fJUS
_2ddc
999 _c21576
_d21576